Cultural Differences between Slovakia and Great Britain bakalárska práca

Uložené v:
Podrobná bibliografia
Hlavný autor: Babačová, Barbora
Korporativný autor: Fakulta aplikovaných jazykov EU v Bratislave. Katedra interkultúrnej komunikácie
Ďalší autori: Némethová, Ildikó, 1974-
Médium: Kniha
Jazyk:English
Vydavateľské údaje: Bratislava 2017
Tagy: Pridať tag
Žiadne tagy, Buďte prvý, kto otaguje tento záznam!

MARC

LEADER 00000nbm a2200000 4500
001 0231447
005 20180215144635.2
041 0 |a eng 
044 |a SK 
245 1 0 |a Cultural Differences between Slovakia and Great Britain  |b bakalárska práca  |c Barbora Babačová ; školiteľ: Ildikó Némethová 
264 1 |a Bratislava  |c 2017 
300 |a 46 s. 
100 1 |a Babačová, Barbora 
700 1 |a Némethová, Ildikó, 1974- 
710 2 |a Fakulta aplikovaných jazykov EU v Bratislave. Katedra interkultúrnej komunikácie